Tratado de contratos del Sector Público

Na minha lista:
Detalhes bibliográficos
Autor principal: Gamero Casado, Eduardo
Formato: Desconhecido
Idioma:inglês
Publicado em: Valencia, España Tirant lo Blanch 2018
Edição:Primera edición
Assuntos:
Tags: Adicionar Tag
Sem tags, seja o primeiro a adicionar uma tag!

MARC

LEADER 00000 a2200000 4500
003 CL-VaPUC
005 20210927124714.0
008 200107b ||||| |||| 00| 0 eng d
999 |c 376168  |d 376166 
020 |a 9788491699262 
040 |c Pontificia Universidad Católica de Valparaíso 
082 |a 336 GAM 2018 
100 1 |a Gamero Casado, Eduardo  |9 605076 
245 1 |a Tratado de contratos del Sector Público 
250 |a Primera edición 
260 3 |b Tirant lo Blanch  |c 2018  |a Valencia, España 
583 |k Hugo Gaete  |c 20200107 
650 0 0 |a Sector público  |9 349431 
650 0 0 |a Contratos  |9 255153 
650 0 0 |a CONTRATACION  |9 343748 
650 0 0 |a CONTRATOS PUBLICOS  |9 257953 
650 0 0 |a Contratos administrativos  |9 256130 
650 0 0 |a Contratación administrativa  |9 532413 
650 0 0 |a CONTRATACION PUBLICA  |9 605624 
942 |2 ddc  |c BK 
952 |0 0  |1 0  |2 ddc  |4 0  |6 336_000000000000000_GAM_2018  |7 0  |9 495340  |a BIBDER  |b BIBDER  |d 2020-01-02  |e 36  |g 222439.00  |h t.1  |i 5569435  |l 1  |o 336 GAM 2018   |p 5569435  |r 2024-11-19  |s 2024-11-19  |t 1  |v 222439.00  |w 2020-01-02  |y BK  |k DER 
952 |0 0  |1 0  |2 ddc  |4 0  |6 336_000000000000000_GAM_2018  |7 0  |9 495341  |a BIBDER  |b BIBDER  |d 2020-01-02  |h t.2  |i 5571170  |l 1  |o 336 GAM 2018   |p 5571170  |r 2024-11-19  |s 2024-11-19  |t 1  |w 2020-01-02  |y BK  |k DER 
952 |0 0  |1 0  |2 ddc  |4 0  |6 336_000000000000000_GAM_2018  |7 0  |9 495342  |a BIBDER  |b BIBDER  |d 2020-01-02  |h t.3  |i 5571189  |l 1  |o 336 GAM 2018   |p 5571189  |r 2024-11-19  |s 2024-11-19  |t 1  |w 2020-01-02  |y BK  |k DER